000
00341nam a2200145Ia 4500
008
230718s9999 xx 000 0 und d
041
_a
Eng.
082
_a
340
_b
SAV-P
100
_a
Saved, Malik N (ed)
245
0
_a
P. L. D (1990)
260
_a
Pakistan
_b
All Palastan legal decision
_c
1990
300
_a
73
650
_a
Law
999
_c
27054
_d
27054